The western rock lobster fishery 1973-74 /

Gardado en:
Detalles Bibliográficos
Autor Principal: Morgan, G. R.
Autor Corporativo: Western Australia. Dept. of Fisheries and Wildlife
Outros autores: Barker, E. H.
Formato: Libro
Idioma:English
Publicado: Perth : Dept. of Fisheries and Wildlife, 1975.
Series:Report (Western Australia. Dept. of Fisheries and Wildlife) ; no. 19.
Subjects:
LEADER 01266nam a2200313 a 4500
001 c000410406
003 CARM
005 00000000000000.0
008 760922s1975 weab b s00010 eng d
019 1 |a 1641039 
020 |a 0724461256 :  |c unpriced 
040 |a VDU  |c VDU 
043 |a u-at-we 
082 0 4 |a 639.5409941 
100 1 |a Morgan, G. R. 
245 1 4 |a The western rock lobster fishery 1973-74 /  |c by G.R. Morgan and E.H. Barker. 
260 0 |a Perth :  |b Dept. of Fisheries and Wildlife,  |c 1975. 
300 |a 22 p. :  |b graphs, maps ;  |c 30 cm. 
490 0 |a Report ;  |v no. 19. 
500 |a Western crayfish fisheries. Western Australia. Coastal waters. Reports, surveys (ANB/PRECIS SIN 0091154) 
504 |a Bibliography: p. 13-14. 
650 0 |a Spiny lobsters  |z Western Australia. 
650 0 |a Lobster fisheries  |z Western Australia. 
700 1 |a Barker, E. H. 
710 1 |a Western Australia.  |b Dept. of Fisheries and Wildlife. 
830 |a Report (Western Australia. Dept. of Fisheries and Wildlife) ;  |v no. 19. 
852 8 |b CARM  |h A3:AG14D0  |i F08163  |p 0569154  |f BK 
999 f f |i de6db891-e05c-5b6e-b38c-0cc3bb1842f2  |s e22b72f8-df96-5f0e-bfc6-e2580b352501 
952 f f |p Can circulate  |a CAVAL  |b CAVAL  |c CAVAL  |d CARM 1 Store  |e F08163  |f A3:AG14D0  |h Other scheme  |i book  |m 0569154